Revitalizácia prímestskej krajiny, okolie Devínskej Kobyly
Uložené v:
| Hlavný autor: | |
|---|---|
| Ďalší autori: | |
| Médium: | Rukopis Kniha |
| Jazyk: | Slovak |
| Vydavateľské údaje: |
Bratislava :
STU v Bratislave SvF,
2014
|
| Predmet: | |
| On-line prístup: | VAIS |
| Tagy: |
Žiadne tagy, Buďte prvý, kto otaguje tento záznam!
|
MARC
| LEADER | 00000ntm a22000003a 4500 | ||
|---|---|---|---|
| 001 | stu298054 | ||
| 005 | 20150617230308.0 | ||
| 008 | 140919s2014----xo------------------slo-d | ||
| 040 | |a STU |b slo | ||
| 041 | 0 | |a slo | |
| 044 | |a xo | ||
| 100 | 1 | |a Kachútová, Mária, |d 1990- |4 aut |u A |T FAD Fakulta architektúry |X 68961 |U A |Y 50 |7 A000068961 | |
| 242 | 0 | 0 | |a REVITALIZATION OF THE SUBURBAN LANDSCAPE, THE AREA DEVÍNSKA KOBYLA |y eng |
| 245 | 1 | |a Revitalizácia prímestskej krajiny, okolie Devínskej Kobyly | |
| 260 | |a Bratislava : |b STU v Bratislave SvF, |c 2014 | ||
| 650 | 7 | |a krajinárstvo a krajinné plánovanie |2 stusub | |
| 650 | 7 | |a Landscaping and Landscape Planning |2 estusub | |
| 650 | 7 | |a nature protection |2 estusub | |
| 650 | 7 | |a Devínska Kobyla |2 stusub | |
| 650 | 7 | |a ochrana prírody |2 stusub | |
| 700 | 1 | |a Turancová, Miriam, |d 1981- |4 ths |u A7170 |U FAD Fakulta architektúry |T FA Ústav krajinnej a záhradnej architektúry |X 4861 |U A7170 |Y 398 |7 A000004861 | |
| 856 | 4 | |a info a plný text |u http://is.stuba.sk/zp/portal_zp.pl?podrobnosti=103786 |3 VAIS | |